00398nam a2200121Ia 4500008004100000082002200041100002700063245011000090260001400200260004500214260000900259365000800268180713s9999 xx 000 0 und d a621.381 5 B19  a"Bhatt, Geeta " 0aExperiments Based on Analog and Digital Eletronics  aNew Delhi b IK International Publishing House p Ltd c2012 b195